Folklore: Finish the Lyric - Statistics

General Stats
  • This quiz has been taken 1,158 times
  • The average score is 10 of 16
Answer Stats
Lyric Answer % Correct
"And I can see us twisted in bedsheets / August sipped away like a ______ __ ____" bottle of wine
90%
"I'm only seventeen, I don't know anything but _ ____ _ ____ ___" I know I miss you
80%
"You know the greatest films of all time ____ _____ ____" were never made
78%
"Does she smile? / Or does she mouth ____ ___ _______?" fuck you forever
72%
"I was so ahead of the curve / The curve ______ _ ______" became a sphere
70%
"There goes the _______ _____ this town has ever seen / I had a marvelous time ruining everything" loudest woman
67%
"Green was the color of the grass where I used to read at __________ ____" Centennial Park
63%
"And that's the thing about illicit affairs / And ___________ ________ and stolen stares" clandestine meetings
63%
"I knew you'd miss me once ___ ______ _______" the thrill expired
63%
"Your faithless love's the ____ ____ I believe in" only hoax
59%
"But I was high in the sky with ____________ under me" Pennsylvania
53%
"You wear the same jewels that I gave you __ ___ ____ __" as you bury me
52%
"Second, third, and _________ _______ / Balancing on breaking branches" hundredth chances
48%
"All these people think ____'_ ___ ____ but I would die for you in secret" love's for show
48%
"Only ______ _______ to sleep but you dream of some epiphany" twenty minutes
41%
"You are not like the regulars / The __________ ________" masquerade revelers
31%
No matching quizzes found
Score Distribution
Percent of People with Each Score
Percentile by Number Answered
Your Score History
You have not taken this quiz